[Event "Toronto CMA Futurity 4th"]
[Site "Toronto"]
[Date "2003.07.27"]
[Round "5"]
[White "Cramling, Pia"]
[Black "Glinert, Stephen"]
[Result "1-0"]
[WhiteElo "2488"]
[BlackElo "2362"]
[PlyCount "77"]
[EventDate "2003.07.25"]
[EventType "schev"]
[EventRounds "10"]
[EventCountry "CAN"]
[SourceTitle "CBM 095 Extra"]
[Source "ChessBase"]
[SourceDate "2003.09.04"]
[SourceVersion "1"]
[SourceVersionDate "2003.09.04"]
[SourceQuality "1"]

1. d4 Nf6 2. Nf3 g6 3. Nc3 Bg7 4. e4 d6 5. Be3 c6 6. Qd2 Nbd7 7. Bh6 Bxh6 8. Qxh6 Qa5 9. Bd3 Qh5 10. Qd2 0-0 11. Ne2 Kg7 12. Ng3 Qh6 13. Ng5 Nb6 14. f4 Nh5 15. 0-0-0 f6 16. Nxh5+ Qxh5 17. Be2 Qh6 18. Nf3 Kg8 19. h4 Qg7 20. h5 Kf7 21. Nh4 g5 22. h6 Qg8 23. Bh5+ Ke6 24. fxg5 Qxg5 25. Qxg5 fxg5 26. Nf3 Rg8 27. Rdf1 Kd7 28. Bf7 Rh8 29. Nxg5 Kc7 30. Bb3 c5 31. c3 c4 32. Bc2 Rg8 33. Nxh7 Bd7 34. Rf7 Rae8 35. d5 Kd8 36. Bd1 Bc8 37. Rg7 Rxg7 38. hxg7 Rg8 39. Nf6 1-0

[Event "Wch U20 41st"]
[Site "Goa"]
[Date "2002.12.19"]
[Round "12"]
[White "Glinert, Stephen"]
[Black "Simutowe, Amon"]
[Result "1/2-1/2"]
[WhiteElo "2351"]
[BlackElo "2383"]
[PlyCount "113"]
[EventDate "2002.12.09"]
[EventType "swiss"]
[EventRounds "13"]
[EventCountry "IND"]
[SourceTitle "CBM 091 Extra"]
[Source "ChessBase"]
[SourceDate "2003.01.09"]
[SourceVersion "1"]
[SourceVersionDate "2003.01.09"]
[SourceQuality "1"]

1. e4 c5 2. Nc3 a6 3. a4 b6 4. g3 Bb7 5. Bg2 e6 6. Nge2 d6 7. 0-0 h5 8. f4 Nd7 9. d4 cxd4 10. Nxd4 Ngf6 11. Qe2 Qc7 12. h3 Rc8 13. Be3 Nc5 14. Bf2 e5 15. Nb3 h4 16. g4 Ne6 17. Be3 exf4 18. Bxf4 Nxf4 19. Rxf4 Nd7 20. Nd4 g6 21. Nd5 Qc5 22. Qf2 Bxd5 23. exd5 Ne5 24. Re1 Be7 25. g5 Rh5 26. b4 Qc3 27. Nc6 Rc7 28. Rf1 Bxg5 29. Qxb6 Rxc6 30. dxc6 Bxf4 31. Rxf4 Rg5 32. Qb8+ Ke7 33. Qc7+ Ke8 34. Qc8+ Ke7 35. Qb7+ Kd8 36. Qb6+ Ke7 37. Qb7+ Kd8 38. c7+ Qxc7 39. Qxa6 Qxc2 40. Qxd6+ Ke8 41. Qb8+ Ke7 42. Qb7+ Ke8 43. a5 Qc1+ 44. Rf1 Qe3+ 45. Kh1 Rf5 46. Rxf5 gxf5 47. Qb5+ Kd8 48. a6 Qe1+ 49. Qf1 Qxf1+ 50. Bxf1 Kc7 51. b5 f4 52. Kg2 Kb6 53. Kf2 f6 54. Ke2 Ka7 55. Kd2 Kb6 56. Bg2 Nf7 57. Bf1 1/2-1/2

[Event "Wch U20 41st"]
[Site "Goa"]
[Date "2002.12.12"]
[Round "6"]
[White "Glinert, Stephen"]
[Black "Mastrovasilis, Dimitrios"]
[Result "0-1"]
[WhiteElo "2351"]
[BlackElo "2461"]
[PlyCount "90"]
[EventDate "2002.12.09"]
[EventType "swiss"]
[EventRounds "13"]
[EventCountry "IND"]
[SourceTitle "CBM 091 Extra"]
[Source "ChessBase"]
[SourceDate "2003.01.09"]
[SourceVersion "1"]
[SourceVersionDate "2003.01.09"]
[SourceQuality "1"]

1. e4 c5 2. Nc3 Nc6 3. g3 g6 4. Bg2 Bg7 5. d3 d6 6. Be3 Rb8 7. Qd2 b5 8. Nge2 b4 9. Nd1 Nf6 10. h3 0-0 11. 0-0 Qb6 12. f4 Nd4 13. g4 Nd7 14. Ng3 Ba6 15. f5 Qc7 16. Rc1 Nc6 17. Bh6 c4 18. Bxg7 Kxg7 19. Ne3 cxd3 20. cxd3 Qb6 21. Kh2 e6 22. f6+ Kh8 23. Nc4 Bxc4 24. Rxc4 Nce5 25. Rcc1 Qd4 26. Rc7 Nc5 27. Qh6 Rg8 28. Ne2 Qxd3 29. Nf4 Qa6 30. g5 Qa5 31. Re7 Qxa2 32. Ne2 Qxb2 33. Nd4 Qxd4 34. Rf4 Qd1 35. Rh4 Qh5 36. Rxh5 gxh5 37. Rxa7 b3 38. Ra1 b2 39. Rb1 Na4 40. g6 Rxg6 41. Qe3 Rbg8 42. Bf1 Rxf6 43. Be2 Rfg6 44. Bb5 Rg2+ 45. Kh1 R2g3 0-1

[Event "Guelph op"]
[Site "Guelph"]
[Date "2002.08.11"]
[Round "8"]
[White "Glinert, Stephen"]
[Black "Cummings, David H"]
[Result "1-0"]
[WhiteElo "2324"]
[BlackElo "2371"]
[PlyCount "81"]
[EventDate "2002.08.07"]
[EventType "swiss"]
[EventRounds "9"]
[EventCountry "CAN"]
[SourceTitle "CBM 089 Extra"]
[Source "ChessBase"]
[SourceDate "2002.09.10"]
[SourceVersion "2"]
[SourceVersionDate "2002.09.10"]
[SourceQuality "1"]

1. e4 c5 2. Nc3 Nc6 3. g3 g6 4. Bg2 Rb8 5. d3 b5 6. Be3 b4 7. Nce2 Bg7 8. c3 bxc3 9. bxc3 Qa5 10. Qd2 Ba6 11. Nf3 Nf6 12. h3 c4 13. e5 Nd5 14. d4 0-0 15. 0-0 d6 16. exd6 exd6 17. Bh6 Nce7 18. Bxg7 Kxg7 19. Rac1 Qa3 20. Rc2 Bb5 21. Nf4 Ba4 22. Nxd5 Nxd5 23. Rcc1 Rb2 24. Qg5 Nxc3 25. Nh4 Ne2+ 26. Kh2 Qd3 27. Rce1 Bd7 28. Qe7 Bc8 29. Rd1 Rd2 30. Rxd2 Qxd2 31. Nf3 Qxa2 32. Re1 Nc3 33. Qxd6 Qxf2 34. Qe5+ Kg8 35. d5 Nb5 36. d6 Qb6 37. Rd1 Bd7 38. Ng5 Bf5 39. d7 Bd3 40. Nxf7 Rxf7 41. Qe8+ 1-0

[Event "Guelph op"]
[Site "Guelph"]
[Date "2002.08.10"]
[Round "6"]
[White "Fedorowicz, John P"]
[Black "Glinert, Stephen"]
[Result "1/2-1/2"]
[WhiteElo "2509"]
[BlackElo "2324"]
[PlyCount "27"]
[EventDate "2002.08.07"]
[EventType "swiss"]
[EventRounds "9"]
[EventCountry "CAN"]
[SourceTitle "CBM 089 Extra"]
[Source "ChessBase"]
[SourceDate "2002.09.10"]
[SourceVersion "2"]
[SourceVersionDate "2002.09.10"]
[SourceQuality "1"]

1. d4 Nf6 2. c4 g6 3. Nc3 d5 4. Nf3 Bg7 5. cxd5 Nxd5 6. Qb3 Nb6 7. Bg5 h6 8. Bh4 Be6 9. Qc2 Nc6 10. e3 Nb4 11. Qd1 0-0 12. a3 N4d5 13. Ne4 Nd7 14. Rc1 1/2-1/2

[Event "CAN-ch zt"]
[Site "Richmond"]
[Date "2002.03.27"]
[Round "7"]
[White "Glinert, Stephen"]
[Black "Spraggett, Kevin"]
[Result "1/2-1/2"]
[WhiteElo "2278"]
[BlackElo "2541"]
[PlyCount "51"]
[EventDate "2002.03.21"]
[EventType "swiss"]
[EventRounds "11"]
[EventCountry "CAN"]
[SourceTitle "CBM 088"]
[Source "ChessBase"]
[SourceDate "2002.03.21"]
[SourceVersion "1"]
[SourceVersionDate "2002.03.21"]
[SourceQuality "1"]

1. e4 d5 2. exd5 Qxd5 3. Nc3 Qd6 4. d4 Nf6 5. Nf3 a6 6. Be2 Nc6 7. 0-0 Bg4 8. h3 Bh5 9. Be3 Rd8 10. Qd2 e6 11. Rad1 Be7 12. Bf4 Qd7 13. Qe3 0-0 14. Ne5 Qe8 15. g4 Bg6 16. Nxg6 hxg6 17. Bxc7 Rc8 18. Bg3 Nb4 19. Bf3 Qd7 20. Qe2 b5 21. Rfe1 Rfe8 22. Rd2 Bf8 23. Qd1 Nfd5 24. Nxd5 Nxd5 25. Rde2 Red8 26. a3 1/2-1/2

[Event "CAN-ch zt"]
[Site "Richmond"]
[Date "2002.03.24"]
[Round "4"]
[White "Glinert, Stephen"]
[Black "Jiganchine, Roman"]
[Result "1-0"]
[WhiteElo "2278"]
[BlackElo "2171"]
[PlyCount "45"]
[EventDate "2002.03.21"]
[EventType "swiss"]
[EventRounds "11"]
[EventCountry "CAN"]
[SourceTitle "CBM 088"]
[Source "ChessBase"]
[SourceDate "2002.03.21"]
[SourceVersion "1"]
[SourceVersionDate "2002.03.21"]
[SourceQuality "1"]

1. e4 c6 2. d4 d5 3. exd5 cxd5 4. c4 Nf6 5. Nc3 e6 6. Nf3 Be7 7. cxd5 Nxd5 8. Bd3 Nc6 9. 0-0 0-0 10. Re1 Qa5 11. Bd2 Rd8 12. Ne5 Nxe5 13. Rxe5 Qb6 14. Nxd5 Rxd5 15. Bc3 g6 16. Be4 Rxe5 17. dxe5 Rb8 18. Qa4 Bc5 19. Qe8+ Kg7 20. Rd1 Bxf2+ 21. Kh1 Bh4 22. Rf1 Qc7 23. Bb4 1-0

[Event "CAN-ch zt"]
[Site "Richmond"]
[Date "2002.03.23"]
[Round "3"]
[White "Lesiege, Alexandre"]
[Black "Glinert, Stephen"]
[Result "1-0"]
[WhiteElo "2572"]
[BlackElo "2278"]
[PlyCount "99"]
[EventDate "2002.03.21"]
[EventType "swiss"]
[EventRounds "11"]
[EventCountry "CAN"]
[SourceTitle "CBM 088"]
[Source "ChessBase"]
[SourceDate "2002.03.21"]
[SourceVersion "1"]
[SourceVersionDate "2002.03.21"]
[SourceQuality "1"]

1. d4 Nf6 2. c4 g6 3. Nc3 d5 4. cxd5 Nxd5 5. e4 Nxc3 6. bxc3 Bg7 7. Be3 0-0 8. Qd2 c5 9. Nf3 Qa5 10. Rc1 cxd4 11. cxd4 Qxd2+ 12. Kxd2 Rd8 13. Bb5 Bg4 14. Rc7 Nc6 15. d5 Rab8 16. Rb1 Bxf3 17. Bxc6 Bxe4 18. Rbxb7 Rxb7 19. Rxb7 Bxg2 20. Ke2 Be5 21. Rxe7 Bxh2 22. f3 Rb8 23. Bh6 Bd6 24. Rxa7 Rb2+ 25. Kd3 Bf1+ 26. Kd4 f6 27. Ra8+ Kf7 28. Ra7+ Kg8 29. Rg7+ Kh8 30. Rd7 Be5+ 31. Kc5 Rc2+ 32. Kb4 Rb2+ 33. Ka3 Rb8 34. Ka4 Bc4 35. Rb7 Rxb7 36. Bxb7 Bxa2 37. f4 Bb8 38. Kb5 Bb3 39. Kc5 Kg8 40. d6 Kf7 41. Bd5+ Bxd5 42. Kxd5 Ba7 43. Kc6 Ke6 44. f5+ gxf5 45. Bf4 Bb8 46. d7 Bxf4 47. d8Q Kf7 48. Kd5 Bh6 49. Qd7+ Kg6 50. Ke6 1-0

[Event "CAN-ch zt"]
[Site "Richmond"]
[Date "2002.??.??"]
[Round "6"]
[White "Glinert, Stephen"]
[Black "Cummings, David H"]
[Result "1-0"]
[WhiteElo "2278"]
[BlackElo "2373"]
[PlyCount "113"]
[EventDate "2002.03.21"]
[EventType "swiss"]
[EventRounds "11"]
[EventCountry "CAN"]
[SourceTitle "CBM 088"]
[Source "ChessBase"]
[SourceDate "2002.03.21"]
[SourceVersion "1"]
[SourceVersionDate "2002.03.21"]
[SourceQuality "1"]

1. e4 c5 2. Nc3 Nc6 3. g3 g6 4. Bg2 Bg7 5. d3 d6 6. f4 e6 7. Nf3 Nge7 8. 0-0 0-0 9. Be3 Nd4 10. e5 Bd7 11. Ne4 Nef5 12. Bf2 Nxf3+ 13. Bxf3 Bc6 14. c3 h5 15. d4 cxd4 16. cxd4 Rc8 17. h3 dxe5 18. dxe5 Qa5 19. Qe1 Qxe1 20. Rfxe1 Bd5 21. g4 hxg4 22. hxg4 Nh6 23. Bxa7 Rc2 24. Bd4 Bxe4 25. Rxe4 Rd8 26. Bc3 Bf8 27. Re2 Rxe2 28. Bxe2 Kg7 29. Kg2 b5 30. Bxb5 Nxg4 31. Kf3 Nh6 32. a4 Nf5 33. a5 Bc5 34. Bc4 Ne3 35. Be2 Nd5 36. Be1 Rb8 37. b4 Nxb4 38. Rb1 Nc6 39. Rxb8 Nxb8 40. Bb5 f6 41. Bc3 f5 42. a6 Kf7 43. Bd2 Nxa6 44. Bxa6 Bd4 45. Ke2 g5 46. Kd3 Bb2 47. Bc3 Bc1 48. fxg5 Bxg5 49. Bd2 Bh4 50. Bf4 Bf2 51. Bc8 Bc5 52. Kc4 Ba3 53. Kb5 Ke7 54. Kc6 Bb4 55. Ba6 Bc3 56. Be2 Bd4 57. Bh5 1-0

[Event "CAN-ch U20"]
[Site "Winnipeg"]
[Date "2002.??.??"]
[Round "6"]
[White "Glinert, Stephen"]
[Black "Raheb, David"]
[Result "0-1"]
[WhiteElo "2278"]
[BlackElo "2159"]
[PlyCount "68"]
[EventDate "2002.01.??"]
[EventType "swiss"]
[EventRounds "8"]
[EventCountry "CAN"]
[SourceTitle "EXT 2003"]
[Source "ChessBase"]
[SourceDate "2002.11.25"]
[SourceVersion "1"]
[SourceVersionDate "2002.11.25"]
[SourceQuality "1"]

1. e4 c5 2. Nc3 e6 3. g3 d5 4. exd5 exd5 5. Bg2 Nf6 6. d3 Be7 7. Nge2 0-0 8. 0-0 d4 9. Ne4 Nbd7 10. Nf4 Rb8 11. Nxf6+ Nxf6 12. Nh5 Nxh5 13. Qxh5 b5 14. Bf4 Rb6 15. Rfe1 g6 16. Qe2 Re8 17. Qd2 Re6 18. Rxe6 Bxe6 19. Bc6 Bd7 20. Bxd7 Qxd7 21. Qa5 Bd8 22. Qa3 g5 23. Bd2 Re2 24. Rd1 Qf5 25. Be1 Bb6 26. Qb3 c4 27. dxc4 d3 28. Qxd3 Rxe1+ 29. Rxe1 Qxf2+ 30. Kh1 Qxe1+ 31. Kg2 Qf2+ 32. Kh3 bxc4 33. Qxc4 h5 34. Qd3 Be3 0-1

[Event "CAN-ch U20"]
[Site "Winnipeg"]
[Date "2002.??.??"]
[Round "5"]
[White "Moskvitch, Andrei"]
[Black "Glinert, Stephen"]
[Result "0-1"]
[WhiteElo "2207"]
[BlackElo "2278"]
[PlyCount "102"]
[EventDate "2002.01.??"]
[EventType "swiss"]
[EventRounds "8"]
[EventCountry "CAN"]
[SourceTitle "EXT 2003"]
[Source "ChessBase"]
[SourceDate "2002.11.25"]
[SourceVersion "1"]
[SourceVersionDate "2002.11.25"]
[SourceQuality "1"]

1. e4 d6 2. d4 Nf6 3. Nc3 g6 4. Bg5 Bg7 5. Qd2 c6 6. f4 0-0 7. Nf3 d5 8. Bd3 Bg4 9. e5 Bxf3 10. gxf3 Nh5 11. 0-0-0 f6 12. Bh4 Bh6 13. Kb1 fxe5 14. dxe5 Nd7 15. e6 Ne5 16. Bg5 Nxf3 17. Qg2 Nxg5 18. fxg5 Bg7 19. Ne2 Qd6 20. Rhe1 b5 21. c3 Nf4 22. Nxf4 Rxf4 23. h4 Qc5 24. Rf1 Raf8 25. Rxf4 Rxf4 26. Rf1 Qe3 27. Rxf4 Qxf4 28. Qf1 Qxf1+ 29. Bxf1 Be5 30. Be2 Bg3 31. h5 Bf4 32. hxg6 hxg6 33. Kc2 Bxg5 34. Kd3 Bh4 35. a4 a6 36. axb5 axb5 37. Kd4 Bf2+ 38. Ke5 Kg7 39. b3 Bc5 40. c4 dxc4 41. bxc4 b4 42. Bd1 Bd6+ 43. Kd4 c5+ 44. Ke4 Kf6 45. Kd5 g5 46. Ke4 Kxe6 47. Bg4+ Kf6 48. Bd1 e6 49. Kf3 Ke5 50. Kg4 Be7 51. Kf3 Kd4 0-1

[Event "CAN-ch U20 playoff"]
[Site "Winnipeg"]
[Date "2002.??.??"]
[Round "?"]
[White "Moskvitch, Andrei"]
[Black "Glinert, Stephen"]
[Result "0-1"]
[WhiteElo "2207"]
[BlackElo "2278"]
[PlyCount "46"]
[EventDate "2002.01.??"]
[EventType "match"]
[EventRounds "2"]
[EventCountry "CAN"]
[SourceTitle "EXT 2003"]
[Source "ChessBase"]
[SourceDate "2002.11.25"]
[SourceVersion "1"]
[SourceVersionDate "2002.11.25"]
[SourceQuality "1"]

1. e4 b6 2. d4 Bb7 3. Bd3 Nf6 4. Qe2 Nc6 5. Nf3 Nb4 6. Nc3 Nxd3+ 7. Qxd3 e6 8. e5 Nd5 9. Nxd5 Bxd5 10. 0-0 d6 11. c4 Bb7 12. d5 dxe5 13. Nxe5 Bd6 14. Re1 0-0 15. dxe6 Bxe5 16. Qxd8 Rfxd8 17. e7 Rd7 18. Bf4 f6 19. Bxe5 fxe5 20. Rxe5 Re8 21. Rae1 Kf7 22. Rf5+ Kg6 23. Rf8 Rexe7 0-1

[Event "CAN-ch closed"]
[Site "Montreal"]
[Date "2001.08.25"]
[Round "6"]
[White "Bluvshtein, Mark"]
[Black "Glinert, Stephen"]
[Result "1/2-1/2"]
[WhiteElo "2303"]
[BlackElo "2273"]
[PlyCount "66"]
[EventDate "2001.08.21"]
[EventType "swiss"]
[EventRounds "9"]
[EventCountry "CAN"]
[SourceTitle "EXT 2002"]
[Source "ChessBase"]
[SourceDate "2001.11.25"]
[SourceVersion "1"]
[SourceVersionDate "2001.11.25"]
[SourceQuality "1"]

1. e4 d6 2. d4 Nf6 3. Nc3 g6 4. Bg5 Bg7 5. Qd2 c6 6. f4 0-0 7. Bd3 b5 8. Nf3 Nbd7 9. e5 dxe5 10. fxe5 b4 11. exf6 exf6 12. Bf4 bxc3 13. Qxc3 Re8+ 14. Kf2 Bb7 15. Rhe1 Nb6 16. Qa5 Nd5 17. Rxe8+ Qxe8 18. Bd2 Qd7 19. Re1 Nc7 20. c3 Ne6 21. Bc4 Bf8 22. Qa4 Qd6 23. b4 a5 24. bxa5 c5 25. Qb3 Bxf3 26. Bxe6 fxe6 27. Kxf3 Qd5+ 28. Qxd5 exd5 29. c4 dxc4 30. dxc5 Bxc5 31. Re4 Rd8 32. Rxc4 Rxd2 33. Rxc5 Rxa2 1/2-1/2

[Event "CAN-ch closed"]
[Site "Montreal"]
[Date "2001.08.24"]
[Round "5"]
[White "Khassanov, Marat"]
[Black "Glinert, Stephen"]
[Result "1-0"]
[WhiteElo "2363"]
[BlackElo "2273"]
[PlyCount "101"]
[EventDate "2001.08.21"]
[EventType "swiss"]
[EventRounds "9"]
[EventCountry "CAN"]
[SourceTitle "EXT 2002"]
[Source "ChessBase"]
[SourceDate "2001.11.25"]
[SourceVersion "1"]
[SourceVersionDate "2001.11.25"]
[SourceQuality "1"]

1. e4 b6 2. d4 Bb7 3. Nc3 e6 4. a3 Nf6 5. e5 Nd5 6. Nxd5 Bxd5 7. Nf3 d6 8. Bg5 Be7 9. Bxe7 Qxe7 10. Bb5+ Nd7 11. 0-0 0-0 12. Re1 Rfd8 13. Qe2 c5 14. Rad1 cxd4 15. exd6 Qxd6 16. Nxd4 Nc5 17. c4 a6 18. cxd5 axb5 19. b4 Na4 20. Nxb5 Qd7 21. dxe6 Qxe6 22. Qxe6 fxe6 23. Kf1 Rxd1 24. Rxd1 Kf7 25. Rd2 Kf6 26. Ke1 Rc8 27. f3 Ke5 28. Rd7 Kf6 29. Kd2 Nb2 30. Nd6 Ra8 31. Kc2 Na4 32. Kb3 b5 33. Nxb5 Nb6 34. Rd6 Nd5 35. a4 Ke5 36. Rc6 Rb8 37. g3 g5 38. Rc5 Rf8 39. Nc3 Rxf3 40. a5 Kd4 41. Rc4+ Ke5 42. b5 Kd6 43. b6 Rf7 44. Nxd5 exd5 45. Rc1 Rb7 46. Kb4 d4 47. Kb5 Re7 48. Ka6 d3 49. b7 Re8 50. Ka7 d2 51. Rd1 1-0

[Event "St John's University"]
[Site "New York"]
[Date "2001.06.25"]
[Round "7"]
[White "Muhammad, Stephen A"]
[Black "Glinert, Stephen"]
[Result "0-1"]
[WhiteElo "2307"]
[BlackElo "2273"]
[PlyCount "128"]
[EventDate "2001.06.18"]
[EventType "tourn"]
[EventRounds "9"]
[EventCountry "USA"]
[EventCategory "4"]
[SourceTitle "EXT 2002"]
[Source "ChessBase"]
[SourceDate "2001.11.25"]
[SourceVersion "1"]
[SourceVersionDate "2001.11.25"]
[SourceQuality "1"]

1. d4 Nf6 2. Nf3 d5 3. c4 g6 4. e3 Bg7 5. Nbd2 0-0 6. Be2 c5 7. 0-0 cxd4 8. Nxd4 e5 9. N4f3 Nc6 10. cxd5 Nxd5 11. Qb3 Nb6 12. Rd1 Qe7 13. Ne4 Be6 14. Qb5 Rfd8 15. Qc5 Rxd1+ 16. Bxd1 Qd7 17. Bd2 Nc4 18. Bc3 a6 19. Ba4 f5 20. Rd1 Qxd1+ 21. Bxd1 Bf8 22. Nf6+ Kg7 23. Nxe5 Bxc5 24. Nxc6 Kf7 25. Ne5+ Nxe5 26. Bxe5 h6 27. Bf3 Rd8 28. g4 Bxa2 29. gxf5 gxf5 30. Bxb7 Be7 31. Nh5 Rd1+ 32. Kg2 Bd5+ 33. Bxd5+ Rxd5 34. Bc3 Bd6 35. Nf4 Bxf4 36. exf4 Rd3 37. Be5 Ke6 38. f3 Kd5 39. Kg3 Rd2 40. Bg7 h5 41. h3 Rd3 42. Be5 a5 43. Bc7 a4 44. Be5 Kc4 45. Kh4 Kb3 46. Kxh5 Rd2 47. Kg6 Rxb2 48. Bd6 a3 49. Bxa3 Kxa3 50. Kxf5 Re2 51. h4 Kb4 52. h5 Kc5 53. h6 Kd6 54. Kf6 Rh2 55. Kg7 Ke7 56. h7 Rg2+ 57. Kh6 Kf7 58. h8N+ Kf6 59. Kh7 Rg7+ 60. Kh6 Rg3 61. Kh7 Rxf3 62. Kg8 Rxf4 63. Nf7 Rd4 64. Nh6 Ra4 0-1

[Event "CAN-ch U20"]
[Site "Quebec"]
[Date "2000.??.??"]
[Round "3"]
[White "Glinert, Stephen"]
[Black "Cormos, Eugene"]
[Result "1/2-1/2"]
[WhiteElo "2215"]
[BlackElo "2087"]
[PlyCount "54"]
[EventDate "2000.??.??"]
[EventType "swiss"]
[EventRounds "8"]
[EventCountry "CAN"]
[SourceTitle "EXT 2001"]
[Source "ChessBase"]
[SourceDate "2000.11.22"]
[SourceVersion "1"]
[SourceVersionDate "2000.11.22"]
[SourceQuality "1"]

1. e4 e5 2. Nf3 Nc6 3. d4 exd4 4. Nxd4 Bc5 5. Be3 Qf6 6. c3 Nge7 7. Bc4 a6 8. 0-0 0-0 9. f4 d5 10. exd5 Nxd4 11. Bxd4 Bxd4+ 12. Qxd4 Qxd4+ 13. cxd4 Rd8 14. Nc3 b5 15. Bb3 Bb7 16. Rac1 Nxd5 17. Nxd5 Bxd5 18. Bxd5 Rxd5 19. Rxc7 Rxd4 20. g3 Re8 21. Ra7 h6 22. Rxa6 Re2 23. Rf2 Rxf2 24. Kxf2 Rd2+ 25. Ke3 Rxb2 26. h4 h5 27. Ra5 b4 1/2-1/2

[Event "CAN-ch U20"]
[Site "Quebec"]
[Date "2000.??.??"]
[Round "7"]
[White "Glinert, Stephen"]
[Black "Gottlieb, Jonathan"]
[Result "1-0"]
[WhiteElo "2215"]
[BlackElo "2126"]
[PlyCount "49"]
[EventDate "2000.??.??"]
[EventType "swiss"]
[EventRounds "8"]
[EventCountry "CAN"]
[SourceTitle "EXT 2001"]
[Source "ChessBase"]
[SourceDate "2000.11.22"]
[SourceVersion "1"]
[SourceVersionDate "2000.11.22"]
[SourceQuality "1"]

1. e4 c5 2. Nc3 Nc6 3. g3 g6 4. Bg2 Bg7 5. d3 d6 6. Be3 e6 7. Qd2 Nd4 8. Nd1 Ne7 9. c3 h6 10. f3 Ndc6 11. Ne2 Qa5 12. Nc1 b5 13. 0-0 e5 14. f4 Qc7 15. Ne2 Bg4 16. Nf2 Bxe2 17. Qxe2 0-0 18. f5 g5 19. f6 Bxf6 20. Qh5 Bg7 21. Ng4 f6 22. Nxh6+ Bxh6 23. Qxh6 Rf7 24. Rxf6 Rg7 25. Raf1 1-0